Southville International School and Colleges
Your cart is empty.
  • Cart
  • Lists
    Public lists Eva Luna New books Lux_list list_1
    Your lists Log in to create your own lists
  • Log in to your account
  • Your cookies
  • Search history
Southville International School and Colleges
  • Advanced search
  • Recent comments
  • Most popular
  • Libraries

Log in to your account

Log in with GOOGLE


If you do not have an external account, but do have a local account, you can still log in:

  1. Home
  2. MARC view: Applied theatre :
Normal view MARC view ISBD view

Applied theatre : (Record no. 293102)

[ view plain ]
MARC details
000 -LEADER
fixed length control field 03420cam a2200409 i 4500
001 - CONTROL NUMBER
control field 18326941
003 - CONTROL NUMBER IDENTIFIER
control field PILC
005 - DATE AND TIME OF LATEST TRANSACTION
control field 20160331144622.0
008 - FIXED-LENGTH DATA ELEMENTS--GENERAL INFORMATION
fixed length control field 141006s2015 enka b 001 0 eng
010 ## - LIBRARY OF CONGRESS CONTROL NUMBER
LC control number 2014037340
020 ## - INTERNATIONAL STANDARD BOOK NUMBER
International Standard Book Number 9781472513878 (hardback)
020 ## - INTERNATIONAL STANDARD BOOK NUMBER
International Standard Book Number 9781472513557 (pbk.)
020 ## - INTERNATIONAL STANDARD BOOK NUMBER
Cancelled/invalid ISBN 9781472511775 (ePDF)
020 ## - INTERNATIONAL STANDARD BOOK NUMBER
Cancelled/invalid ISBN 9781472507594 (ePub)
040 ## - CATALOGING SOURCE
Original cataloging agency DLC
Language of cataloging eng
Description conventions rda
Transcribing agency DLC
042 ## - AUTHENTICATION CODE
Authentication code pcc
050 00 - LIBRARY OF CONGRESS CALL NUMBER
Classification number PN 2039
Item number .W45 2015
082 00 - DEWEY DECIMAL CLASSIFICATION NUMBER
Classification number 792.01
084 ## - OTHER CLASSIFICATION NUMBER
Classification number PER011020
Source of number bisacsh
100 1# - MAIN ENTRY--PERSONAL NAME
Personal name White, Gareth,
Dates associated with a name 1968-
Relator term author.
245 10 - TITLE STATEMENT
Title Applied theatre :
Remainder of title aesthetics /
Statement of responsibility, etc Gareth White ; series editors Michael Balfour and Sheila Preston.
246 3# - VARYING FORM OF TITLE
Title proper/short title Aesthetics
260 ## - PUBLICATION, DISTRIBUTION, ETC. (IMPRINT)
Place of publication, distribution, etc London :
Name of publisher, distributor, etc Bloomsbury,
Date of publication, distribution, etc 2015.
300 ## - PHYSICAL DESCRIPTION
Extent x, 308 pages :
Other physical details illustrations ;
Dimensions 23 cm
490 1# - SERIES STATEMENT
Series statement Applied theatre
500 ## - GENERAL NOTE
General note Includes bibliographical references and index.
505 8# - FORMATTED CONTENTS NOTE
Formatted contents note Machine generated contents note: -- Introduction Chapter 1 - Aesthetics and the Aesthetic (Gareth White) Chapter 2 - Aesthetic Autonomy and Heteronomous Aesthetics (Gareth White) Chapter 3 - Dancing With Difference: Moving Towards a New Aesthetics (Nicola Shaughnessy, University of Kent, UK) Chapter 4 - Revolutionary Beauty Out of Homophobic Hate (Mojisola Adebayo, Queen Mary, University of London, UK) Chapter 5 - Competing International Players and their Aesthetic Imperatives:The Future of Internationalised Applied Theatre Practice? (Kirsten Sadeghi-Yekta) Chapter 6 - Aesthetic Play: Between Performance and Justice (Ananda Breed, University of East London, UK) Chapter 7 - The Political Imagination and Contemporary Theatre for Youth (Anna Hickey-Moody, Goldsmiths, University of London, UK) Chapter 8 - The Aesthetics of Becoming; Applied Theatre and the Quest for Cultural Certitude (Brian Heap, University of West Indies)Epilogue (Gareth White)NotesIndex.
520 ## - SUMMARY, ETC.
Summary, etc "Applied Theatre: Aesthetics re-examines how the idea of 'the aesthetic' is relevant to performance in social settings. The disinterestedness that traditional aesthetics claims as a key characteristic of art makes little sense when making performances with ordinary people, rooted in their lives and communities, and with personal and social change as its aim. Yet practitioners of applied arts know that their work is not reducible to social work, therapy or education. Reconciling the simultaneous autonomy and heteronomy of art is the problem of aesthetics in applied arts. Gareth White's introductory essay reviews the field, and proposes an interdisciplinary approach that builds on new developments in evolutionary, cognitive and neuro-aesthetics alongside the politics of art. It addresses the complexities of art and the aesthetic as everyday behaviours and responses. The second part of the book is made up of essays from leading experts and new voices in the practice and theory of applied performance, reflecting on the key problematics of applying performance with non-performers. New and innovative practice is described and interrogated, and fresh thinking is introduced in response to perennial problems"--
650 #0 - SUBJECT ADDED ENTRY--TOPICAL TERM
Topical term or geographic name as entry element Theater
General subdivision Aesthetics.
650 #0 - SUBJECT ADDED ENTRY--TOPICAL TERM
Topical term or geographic name as entry element Theater
General subdivision Philosophy.
700 1# - ADDED ENTRY--PERSONAL NAME
Personal name Balfour, Michael.
700 1# - ADDED ENTRY--PERSONAL NAME
Personal name Preston, Sheila.
830 #0 - SERIES ADDED ENTRY--UNIFORM TITLE
Uniform title Applied theatre
906 ## - LOCAL DATA ELEMENT F, LDF (RLIN)
a 7
b cbc
c orignew
d 1
e ecip
f 20
g y-gencatlg
942 ## - ADDED ENTRY ELEMENTS (KOHA)
Source of classification or shelving scheme Library of Congress Classification
Koha item type Books
Holdings
Withdrawn status Lost status Source of classification or shelving scheme Damaged status Home library Current library Shelving location Date acquired Source of acquisition Sub Shelving location Total Checkouts Full call number Barcode Date last seen Price effective from Koha item type
    Library of Congress Classification   College Library College Library Reserve Section 03/31/2016 Library Fund     PN 2039 .W45 2015 C20525 05/15/2018 03/31/2016 Books

Applied theatre :

APA

White G., Balfour M. & Preston S. (2015). Applied theatre. London: Bloomsbury.

Chicago

White Gareth, Balfour Michael and Preston Sheila. 2015. Applied theatre. London: Bloomsbury.

Harvard

White G., Balfour M. and Preston S. (2015). Applied theatre. London: Bloomsbury.

MLA

White Gareth, Balfour Michael and Preston Sheila. Applied theatre. London: Bloomsbury. 2015.

  • Place hold
  • Print
  • Cite
  • Add to your cart (remove)
  • Save record
    BIBTEX Dublin Core MARCXML MARC (non-Unicode/MARC-8) MARC (Unicode/UTF-8) MARC (Unicode/UTF-8, Standard) MODS (XML) RIS
  • More searches
    Search for this title in:
    Other Libraries (WorldCat) Other Databases (Google Scholar) Online Stores (Bookfinder.com) Open Library (openlibrary.org)

Exporting to Dublin Core...

SOUTHVILLE LIBRARY

Southville International School and Colleges Library

1281 Tropical Ave. Cor. Luxembourg St., BF Homes International, Las Pinas City

Tel. No. 8256374 / 252358 Loc. 117/146

Powered by Koha